[Event "AUTO-ADV-2658"]
[Site "http://www.queenalice.com/game.php?id=1115079"]
[Date "2012.10.22"]
[Round "1"]
[White "markim04"]
[Black "tony40"]
[Result "0-1"]
[WhiteElo "1581"]
[BlackElo "1915"]

1. d4 d5 2. c4 Nf6 3. Nc3 e6 4. Nf3 Nc6 5. cxd5 exd5 6. Bg5 Bb4 7. e4 dxe4 8.
Ne5 Nxd4 9. Bc4 Be6 10. Bxe6 Bxc3+ 11. bxc3 Nxe6 12. O-O Nxg5 13. Qb3 Qd5 14.
Qxd5 Nxd5 15. c4 Nb6 16. f4 Ne6 0-1

[Event "AUTO-ADV-2658"]
[Site "http://www.queenalice.com/game.php?id=1115080"]
[Date "2012.10.22"]
[Round "1"]
[White "tony40"]
[Black "markim04"]
[Result "1-0"]
[WhiteElo "1918"]
[BlackElo "1578"]

1. e4 c5 2. Nf3 d6 3. d3 Nf6 4. g3 Bg4 5. h3 Bxf3 6. Qxf3 Nbd7 7. Bg2 e5 8. Na3
Be7 9. O-O Rb8 10. Nc4 O-O 11. Ne3 d5 12. exd5 Nb6 13. Re1 Qd6 14. Nf5 Qd7 15.
Nxe7+ Qxe7 16. c4 1-0

[Event "AUTO-ADV-2658"]
[Site "http://www.queenalice.com/game.php?id=1115097"]
[Date "2012.10.22"]
[Round "1"]
[White "tony40"]
[Black "goreb83"]
[Result "1-0"]
[WhiteElo "1895"]
[BlackElo "1992"]

1. e4 c5 2. Nf3 Nc6 3. g3 Nf6 4. d3 e5 5. Bg2 d6 6. O-O Be7 7. Nbd2 Bg4 8. Nc4
b5 9. Ne3 Qd7 10. Nxg4 Nxg4 11. a4 bxa4 12. c3 Nf6 13. Qxa4 O-O 14. Nd2 Rfc8 15.
Nc4 h6 16. Ne3 Bd8 17. Nf5 Ne7 18. Qxd7 Nxd7 19. Nxd6 Rc6 20. Nc4 Ng6 21. f4
exf4 22. gxf4 Nh4 23. Bh1 Rg6+ 24. Kf2 Nb6 25. f5 Rf6 26. Ne3 Rc8 27. e5 Rxf5+
28. Nxf5 Nxf5 29. Rxa7 Bh4+ 30. Kg1 g6 31. Rb7 Na4 32. Bd5 1-0

[Event "AUTO-ADV-2658"]
[Site "http://www.queenalice.com/game.php?id=1115098"]
[Date "2012.10.22"]
[Round "1"]
[White "goreb83"]
[Black "tony40"]
[Result "0-1"]
[WhiteElo "2011"]
[BlackElo "1920"]

1. d4 g6 2. e4 d6 3. c4 Bg7 4. Nf3 Nf6 5. Nc3 O-O 6. Bg5 h6 7. Be3 Nc6 8. h3 e5
9. d5 Nd4 10. Nxd4 exd4 11. Bxd4 Re8 12. Bd3 c5 13. Be3 a6 14. Qd2 h5 15. f3 Bd7
16. g4 b5 17. Bh6 Bxh6 18. Qxh6 Nh7 19. gxh5 Qh4+ 20. Kd2 Nf6 21. Qe3 Nxh5 22.
Rag1 Qf4 23. Ne2 Qf6 24. Kc2 Rab8 25. b3 bxc4 26. Bxc4 Bb5 27. Qc3 Bxc4 28. bxc4
Rb7 29. Qxf6 Nxf6 30. h4 Reb8 31. Rb1 Rxb1 32. Rxb1 Rxb1 33. Kxb1 Nd7 34. Kc2
Ne5 35. Ng1 Nxc4 36. f4 Ne3+ 37. Kd3 Ng2 38. Ne2 Kf8 39. e5 Nxh4 40. Kc4 Ke7 41.
Nc3 dxe5 42. fxe5 Nf3 43. Kxc5 Nxe5 44. Ne4 f5 45. d6+ Kd7 46. Nf6+ Ke6 47. Nh7
f4 48. Nf8+ Kf5 49. d7 Nxd7+ 50. Nxd7 f3 51. Nb6 f2 52. Nc4 Ke4 53. Nd2+ Kd3 54.
Nf1 g5 0-1

[Event "AUTO-ADV-2658"]
[Site "http://www.queenalice.com/game.php?id=1115099"]
[Date "2012.10.22"]
[Round "1"]
[White "tony40"]
[Black "Paulsains"]
[Result "1-0"]
[WhiteElo "1880"]
[BlackElo "1849"]

1. e4 e6 2. d3 d5 3. Nd2 Bc5 4. Ngf3 Nf6 5. d4 Bb6 6. Bd3 O-O 7. O-O c5 8. e5
Nfd7 9. Nb3 c4 10. Bxh7+ Kxh7 11. Ng5+ Kg6 12. Re1 f5 13. h4 Rh8 14. h5+ Rxh5
15. Nxe6 Qh8 16. Nf4+ Kf7 17. Nxh5 Nf8 18. Nc5 Bxc5 19. dxc5 Nbd7 20. Qxd5+ Ne6
21. Nf4 Nxc5 22. Be3 Ne4 23. Nxe6 Bxe6 24. Qxb7+ Kg6 25. f3 Ng3 26. Qe7 1-0

[Event "AUTO-ADV-2658"]
[Site "http://www.queenalice.com/game.php?id=1115100"]
[Date "2012.10.22"]
[Round "1"]
[White "Paulsains"]
[Black "tony40"]
[Result "0-1"]
[WhiteElo "1882"]
[BlackElo "1863"]

1. c4 e5 2. Nc3 Nf6 3. e3 Nc6 4. d4 exd4 5. exd4 d5 6. Bg5 Be7 7. Nf3 O-O 8.
Bxf6 Bxf6 9. Nxd5 Ne7 10. Nxf6+ gxf6 11. Bd3 Nf5 12. Bxf5 Re8+ 13. Kf1 Bxf5 14.
Nh4 Bg6 15. Qd2 Re4 16. Nf3 Qd6 17. h4 Bh5 18. Rd1 Bg4 19. Qd3 Rae8 20. c5 Qd5
21. Re1 Bxf3 22. Rxe4 Bxe4 23. Qg3+ Kh8 24. Rh3 Qc4+ 25. Kg1 Qc1+ 26. Kh2 Rg8
0-1

[Event "Challenge"]
[Site "http://www.queenalice.com/game.php?id=1140787"]
[Date "2013.1.15"]
[Round "-"]
[White "Zoe"]
[Black "tony40"]
[Result "0-1"]
[WhiteElo "1856"]
[BlackElo "1942"]

1. d4 d5 2. Nf3 Nf6 3. e3 Nc6 4. a3 g6 5. Bd3 Bg4 6. Nbd2 Bg7 7. h3 Be6 8. Ng5
Bd7 9. c3 O-O 10. Qe2 e5 11. dxe5 Nxe5 12. Ndf3 Nxd3+ 13. Qxd3 Qe7 14. Bd2 c5
15. O-O-O Ne4 16. Rdf1 Nxg5 17. Nxg5 Qxg5 18. g4 c4 19. Qe2 Rae8 20. f4 Qe7 21.
h4 d4 22. cxd4 Bxd4 23. Re1 Qf6 24. Bb4 Rxe3 25. Qh2 Rfe8 26. Rxe3 Rxe3 27. f5
a5 28. Bd2 Bxb2+ 29. Kd1 Ba4# 0-1

[Event "Challenge"]
[Site "http://www.queenalice.com/game.php?id=1140789"]
[Date "2013.1.15"]
[Round "-"]
[White "tony40"]
[Black "Zoe"]
[Result "1-0"]
[WhiteElo "1928"]
[BlackElo "1888"]

1. e4 e6 2. d3 c5 3. Nd2 b6 4. g3 Bb7 5. Bg2 Nf6 6. Ngf3 Be7 7. e5 Ng4 8. O-O
Nc6 9. Nc4 d5 10. exd6 Bxd6 11. Ng5 O-O 12. Qxg4 f5 13. Qh5 h6 14. Qg6 hxg5 15.
Qxe6+ Kh8 16. Nxd6 Qc7 17. Qg6 Rf6 18. Qh5+ Kg8 19. Bd5+ Kf8 20. Re1 1-0

[Event "Challenge"]
[Site "http://www.queenalice.com/game.php?id=1142433"]
[Date "2013.1.19"]
[Round "-"]
[White "walldi"]
[Black "tony40"]
[Result "1-0"]
[WhiteElo "1274"]
[BlackElo "1958"]

1. e4 d6 2. d4 Nf6 3. Nc3 g6 4. f4 Bg7 5. Nf3 O-O 6. Bd3 Nc6 7. f5 Nb4 8. fxg6
hxg6 9. Bc4 Nxe4 10. a3 Nc6 11. Bxf7+ Rxf7 12. Nxe4 Bg4 13. Neg5 Rf5 14. c3 e5
15. O-O exd4 16. Qb3+ d5 17. Qxb7 Rf6 18. Qb5 Qd6 19. c4 Raf8 20. cxd5 Bxf3 21.
gxf3 Ne5 22. Ne4 a6 23. Nxf6+ Rxf6 24. Qe8+ Kh7 25. f4 Ng4 26. Qe4 Rf5 27. Rf3
Nf6 28. Rh3+ Kg8 29. Qe6+ 1-0

[Event "AUTO-ADV-2658"]
[Site "http://www.queenalice.com/game.php?id=1160163"]
[Date "2013.3.12"]
[Round "2"]
[White "tony40"]
[Black "luiz_antonio"]
[Result "1-0"]
[WhiteElo "1955"]
[BlackElo "1834"]

1. e4 e5 2. d3 b5 3. g3 Bb7 4. Nf3 Qf6 5. Nc3 c6 6. Bg2 a5 7. O-O a4 8. d4 exd4
9. e5 Qg6 10. Nxd4 b4 11. Be4 f5 12. Bxf5 Qf7 13. e6 dxe6 14. Nxe6 Na6 15. Re1
Be7 16. Ne4 Qf6 17. Nxf6+ Nxf6 18. Qe2 Nd5 19. Nc7+ Naxc7 20. Bg5 O-O 21. Bxh7+
Kxh7 22. Bxe7 Rae8 23. Qh5+ 1-0

[Event "AUTO-ADV-2658"]
[Site "http://www.queenalice.com/game.php?id=1160164"]
[Date "2013.3.12"]
[Round "2"]
[White "luiz_antonio"]
[Black "tony40"]
[Result "0-1"]
[WhiteElo "1804"]
[BlackElo "1998"]

1. e4 d6 2. d4 Nf6 3. Bd3 g6 4. h3 Nc6 5. Be3 e5 6. d5 Nb4 7. a3 Nxd3+ 8. Qxd3
Be7 9. c4 Nh5 10. g4 Nf6 11. b4 a5 12. b5 h5 13. g5 Nd7 14. h4 O-O 15. Nc3 f6
16. Nf3 Nc5 17. Qc2 Bg4 18. Nh2 Bc8 19. Bxc5 dxc5 20. Nf3 Bg4 21. Qd3 Bxf3 22.
Qxf3 fxg5 23. Qg3 g4 24. Qxe5 Bf6 25. Qe6+ Kg7 26. e5 Re8 27. Qxf6+ Qxf6 0-1

[Event "AUTO-ADV-2658"]
[Site "http://www.queenalice.com/game.php?id=1160165"]
[Date "2013.3.12"]
[Round "2"]
[White "tony40"]
[Black "SubRoger"]
[Result "1-0"]
[WhiteElo "2006"]
[BlackElo "2070"]

1. e4 e5 2. d3 Nc6 3. Nd2 Nf6 4. Ngf3 d6 5. Be2 Be7 6. O-O O-O 7. c3 h6 8. d4
exd4 9. cxd4 Nd7 10. Nc4 Re8 11. d5 Nce5 12. Ncxe5 Nxe5 13. Nxe5 dxe5 14. Be3
Bd6 15. Rc1 Bd7 16. Qb3 b6 17. Bb5 Rf8 18. f3 f5 19. Bc6 Bxc6 20. dxc6+ Kh8 21.
exf5 Qh4 22. Qc2 Rae8 23. Qe4 Qf6 24. g4 a5 25. Kg2 Qe7 26. Rfd1 Qf7 27. Rd5 Rd8
28. Rcd1 Qf6 29. Bd2 Qf7 30. Bc3 Rfe8 31. Qd3 Kg8 32. Bxe5 Qf8 33. Bxd6 cxd6 34.
Rb5 Rc8 35. Rxb6 Rb8 36. Rxb8 Rxb8 37. Kg3 Qe7 38. Qxd6 Qxd6+ 39. Rxd6 Kf8 40.
c7 1-0

[Event "AUTO-ADV-2658"]
[Site "http://www.queenalice.com/game.php?id=1160166"]
[Date "2013.3.12"]
[Round "2"]
[White "SubRoger"]
[Black "tony40"]
[Result "0-1"]
[WhiteElo "2113"]
[BlackElo "1966"]

1. e4 d6 2. d4 g6 3. f4 Nf6 4. Bd3 c5 5. c3 Bg7 6. Nf3 O-O 7. O-O Nc6 8. e5 dxe5
9. fxe5 Nd5 10. Be4 cxd4 11. cxd4 f5 12. Bxd5+ Qxd5 13. Nc3 Qc4 14. Be3 f4 15.
Bf2 Bf5 16. Re1 Nb4 17. Nd2 Qf7 18. Nde4 Rfd8 19. a3 Nc6 20. Ng5 Qc4 21. d5 Nxe5
22. Bd4 Nd3 23. Bxg7 Qc5+ 0-1

[Event "Challenge"]
[Site "http://www.queenalice.com/game.php?id=1178991"]
[Date "2013.5.6"]
[Round "-"]
[White "Rochak"]
[Black "tony40"]
[Result "0-1"]
[WhiteElo "1822"]
[BlackElo "2025"]

1. e4 d6 2. d4 Nf6 3. Nc3 g6 4. Bg5 Bg7 5. Nf3 O-O 6. e5 Nfd7 7. Bf4 Nc6 8. Qe2
dxe5 9. dxe5 Nb6 10. Rd1 Bd7 11. Ng5 Qc8 12. g3 h6 13. Nf3 Bg4 14. Bg2 Nd4 15.
Rxd4 Qe6 16. a3 Rad8 17. Qd3 Rxd4 18. Nxd4 Qd7 19. Bxb7 c5 20. Bc6 Qc8 21. Bf3
cxd4 22. Bxg4 Qxg4 23. Qxd4 g5 24. Be3 Qf5 25. Qb4 Bxe5 26. Bxb6 Bxc3+ 27. Qxc3
axb6 28. O-O Rc8 29. Qb4 Qf6 30. c4 Rd8 31. Re1 Rd6 32. Qb5 Rd2 33. Rf1 Rxb2 34.
Qd5 e6 35. Qg2 Qd4 36. Qh3 Kg7 0-1

[Event "Challenge"]
[Site "http://www.queenalice.com/game.php?id=1179000"]
[Date "2013.5.6"]
[Round "-"]
[White "tony40"]
[Black "Rochak"]
[Result "1-0"]
[WhiteElo "1988"]
[BlackElo "1831"]

1. Nf3 Nc6 2. e4 e5 3. d3 Nf6 4. g3 b6 5. Nbd2 d5 6. exd5 Qxd5 7. Bg2 e4 8. Nxe4
Nxe4 9. O-O Nf6 10. Re1+ Be7 11. Ne5 Qd6 12. Bxc6+ Bd7 13. Bxa8 c6 14. Bf4 Qc5
15. d4 Qd5 16. c4 Qa5 17. Nxc6 1-0

[Event "Challenge"]
[Site "http://www.queenalice.com/game.php?id=1199967"]
[Date "2013.7.15"]
[Round "-"]
[White "Vivianna"]
[Black "tony40"]
[Result "0-1"]
[WhiteElo "1352"]
[BlackElo "2033"]

1. d4 d6 2. Nf3 Bg4 3. e3 Nf6 4. Be2 e6 5. O-O g6 6. Bc4 Bg7 7. h3 Bxf3 8. Qxf3
Nbd7 9. Nc3 d5 10. Bd2 dxc4 11. e4 O-O 12. e5 Nd5 13. Nxd5 exd5 14. Qxd5 Nxe5
15. Qxd8 Rfxd8 16. dxe5 Rxd2 17. Rfe1 Rxc2 18. b4 Rd8 19. g4 Rdd2 20. a4 Rxf2
21. Red1 Rg2+ 22. Kf1 Bxe5 23. Rd8+ Kg7 24. Re8 Bxa1 25. Re7 Rh2 26. Rxc7 Rh1#
0-1

[Event "Challenge"]
[Site "http://www.queenalice.com/game.php?id=1314343"]
[Date "2014.10.10"]
[Round "-"]
[White "daky62"]
[Black "tony40"]
[Result "0-1"]
[WhiteElo "2058"]
[BlackElo "2035"]

1. e4 d6 2. d4 g6 3. Nf3 Bg7 4. Bc4 Nf6 5. Nc3 O-O 6. O-O Bg4 7. h3 Bxf3 8. Qxf3
Nc6 9. Be3 Nd7 10. Rad1 e5 11. d5 Nd4 12. Bxd4 exd4 13. Ne2 Ne5 14. Qb3 Re8 15.
Nxd4 Nxc4 16. Qxc4 Rxe4 17. c3 Qd7 18. Qb4 b6 19. Qb5 Qxb5 20. Nxb5 a6 21. Nd4
Bxd4 22. Rxd4 Re2 23. Rb1 Rae8 24. Rc4 R8e7 25. Kf1 R2e5 26. Rd1 Kf8 27. Rcd4 f5
28. f4 Re2 29. R4d2 R2e4 30. g3 Re8 31. Kf2 Kf7 32. b3 h6 33. Rd3 Re2+ 34. Kf1
Rxa2 35. R3d2 Rxd2 0-1

[Event "partita tony 40"]
[Site "http://www.queenalice.com/game.php?id=1319114"]
[Date "2014.10.30"]
[Round "-"]
[White "tony40"]
[Black "daky62"]
[Result "1-0"]
[WhiteElo "2052"]
[BlackElo "2041"]

1. d4 d5 2. c4 c6 3. Nc3 b6 4. Nf3 h6 5. e3 Nf6 6. Bd3 e6 7. O-O Bd6 8. Re1 O-O
9. e4 Be7 10. e5 Nfd7 11. Be3 Ba6 12. b3 Ba3 13. Qb1 Bb4 14. Qc2 c5 15. dxc5
bxc5 16. cxd5 exd5 17. Bd2 d4 18. Ne4 Bxd3 19. Qxd3 Nc6 20. Bxb4 cxb4 21. Ng3
Nc5 22. Qc4 Qe7 23. Nf5 1-0

[Event "Let's Play Chess!"]
[Site "http://www.queenalice.com/game.php?id=1319976"]
[Date "2014.11.2"]
[Round "-"]
[White "igorjava"]
[Black "tony40"]
[Result "1-0"]
[WhiteElo "1851"]
[BlackElo "2076"]

1. e4 d6 2. Nf3 g6 3. Bc4 Bg7 4. d4 Nf6 5. Nc3 O-O 6. O-O c6 7. h3 Nbd7 8. Bg5
c5 9. d5 Qb6 10. Bb3 c4 11. Bxc4 Qxb2 12. Qd2 Qb4 13. Bd3 Nh5 14. Ne2 Qxd2 15.
Nxd2 Bxa1 16. Rxa1 Re8 17. g4 Ng7 18. Nc4 Nc5 19. Rb1 Bd7 20. Nd4 b6 21. e5 Nxd3
22. cxd3 Nf5 23. gxf5 gxf5 24. exd6 f6 25. Bh4 b5 26. Nxb5 Rab8 27. Nc3 Kf7 28.
dxe7 Rg8+ 29. Kh2 Rxb1 30. Nxb1 Kxe7 31. Nc3 Bc8 32. Bg3 Bd7 33. h4 f4 34. Bxf4
Rg4 35. Bd6+ Kf7 36. Bg3 Rd4 37. Nb2 a6 38. a3 Bf5 39. f3 Rb4 40. axb4 1-0

[Event "Let's Play Chess!"]
[Site "http://www.queenalice.com/game.php?id=1319977"]
[Date "2014.11.2"]
[Round "-"]
[White "tony40"]
[Black "igorjava"]
[Result "1-0"]
[WhiteElo "2068"]
[BlackElo "1876"]

1. d4 e6 2. c4 c6 3. Nc3 a6 4. e3 d5 5. Nf3 Nf6 6. Bd3 Be7 7. O-O O-O 8. Re1 b5
9. c5 Nbd7 10. e4 dxe4 11. Nxe4 Nd5 12. Qe2 h6 13. Nc3 Bf6 14. Qe4 Bb7 15. Qh7#
1-0